000
00234nam a2200097Ia 4500
008
240625s9999 xx 000 0 und d
041
_a
eng
100
_a
BATEMAN THOMAS S
245
_a
MANAGEMENT COMPETING IN THE NEW ERA
260
_c
2003
999
_c
33110
_d
33110